000 00889nam a2200217Ii 4500
003 JO-AjNU
008 230605s9999||||xx |||||||||||||| ||und||
017 _a1994/7903
040 _aJO-AjNU
_bara
_erda
_cJO-AjNU
041 _aara
050 1 4 _aHD62.4.B3612.1994
100 3 _aبارتلت، كريستوفر أ/سومنترا جوشال؛ سعاد الطنبولي,
_eauthor
_935437
245 0 0 _aالادارة عبر الحدود:الحلول بين الاقطار=Managing Across Borders:The Transnational Solution
250 _aط1 العربية
264 3 1 _aالقاهرة:الجمعية المصرية لنشر المعرفة والثقافة العالمية،1994
300 _a360ص
336 _atext
_btxt
_2rdacontent
337 _aunmediated
_bn
_2rdamedia
338 _avolume
_bnc
_2rdacarrier
650 4 _aادارة الاعمال-شركات عاليمة
_935438
999 _aA14631
_c18199
_d18199